| 000 | 00601nam a2200181Ia 4500 | ||
|---|---|---|---|
| 003 | GCL | ||
| 008 | 140319s9999 xx 000 0 ara d | ||
| 040 |
_aGCL / _cGCL |
||
| 082 | 0 | 4 |
_a621.38 _bا ل |
| 100 | 1 | _aامين فهمى | |
| 245 | 1 | 0 |
_aاللاسلكى للهواة(الميكرريف MICRO WAVE) / _cامين فهمى |
| 260 |
_a[S.N] : _bدار الراتب الجامعية ، _c1987 |
||
| 300 | _a112 ص | ||
| 490 |
_aموسوعة عالم الالكترونيات _v0 |
||
| 650 | 0 | 4 | _aالهندسة الالكترونية |
| 650 | 0 | 4 | _aهندسة الاتصالات |
| 942 |
_2ddc _cBK |
||
| 999 |
_c31149 _d31149 |
||